Müzakere / (Record no. 200452744)
[ view plain ]
| 000 -LEADER | |
|---|---|
| fixed length control field | 00853nam a2200301 i 4500 |
| 001 - CONTROL NUMBER | |
| control field | 200452744 |
| 003 - CONTROL NUMBER IDENTIFIER | |
| control field | TR-AnTOB |
| 005 - DATE AND TIME OF LATEST TRANSACTION | |
| control field | 20230330084210.0 |
| 007 - PHYSICAL DESCRIPTION FIXED FIELD--GENERAL INFORMATION | |
| fixed length control field | ta |
| 008 - FIXED-LENGTH DATA ELEMENTS--GENERAL INFORMATION | |
| fixed length control field | 971111s2018 tu d b 00100 tur d |
| 020 ## - INTERNATIONAL STANDARD BOOK NUMBER | |
| International Standard Book Number | 9786059221062 |
| 035 ## - SYSTEM CONTROL NUMBER | |
| System control number | (TR-AnTOB)200452744 |
| 040 ## - CATALOGING SOURCE | |
| Original cataloging agency | TR-AnTOBB |
| Language of cataloging | eng |
| Description conventions | rda |
| Transcribing agency | TR-AnTOB |
| 041 0# - LANGUAGE CODE | |
| Language code of text/sound track or separate title | Türkçe |
| 050 #4 - LIBRARY OF CONGRESS CALL NUMBER | |
| Classification number | HD58.6 |
| Item number | .S54 2018 |
| 090 ## - LOCALLY ASSIGNED LC-TYPE CALL NUMBER (OCLC); LOCAL CALL NUMBER (RLIN) | |
| Classification number (OCLC) (R) ; Classification number, CALL (RLIN) (NR) | HD58.6 |
| Local cutter number (OCLC) ; Book number/undivided call number, CALL (RLIN) | .S54 2018 |
| 100 1# - MAIN ENTRY--PERSONAL NAME | |
| Personal name | Sığrı, Ünsal |
| Relator term | author |
| 9 (RLIN) | 117123 |
| 245 10 - TITLE STATEMENT | |
| Title | Müzakere / |
| Statement of responsibility, etc. | Prof. Dr. Ünsal Sığrı. |
| 264 #1 - PRODUCTION, PUBLICATION, DISTRIBUTION, MANUFACTURE, AND COPYRIGHT NOTICE | |
| Place of production, publication, distribution, manufacture | Ankara : |
| Name of producer, publisher, distributor, manufacturer | Siyasal Kitaevi, |
| Date of production, publication, distribution, manufacture, or copyright notice | 2018. |
| 300 ## - PHYSICAL DESCRIPTION | |
| Extent | 272 pages : |
| Other physical details | tables ; |
| Dimensions | 24 cm |
| 336 ## - CONTENT TYPE | |
| Content type term | text |
| Content type code | txt |
| Source | rdacontent |
| 337 ## - MEDIA TYPE | |
| Media type term | unmediated |
| Media type code | n |
| Source | rdamedia |
| 338 ## - CARRIER TYPE | |
| Carrier type term | volume |
| Carrier type code | nc |
| Source | rdacarrier |
| 504 ## - BIBLIOGRAPHY, ETC. NOTE | |
| Bibliography, etc. note | Includes bibliographical references and index. |
| 650 #7 - SUBJECT ADDED ENTRY--TOPICAL TERM | |
| Topical term or geographic name entry element | Uzlaşma, İşletmelerde |
| Source of heading or term | etuturkob |
| 9 (RLIN) | 50766 |
| 942 ## - ADDED ENTRY ELEMENTS (KOHA) | |
| Source of classification or shelving scheme | Library of Congress Classification |
| Koha item type | Book |
| Withdrawn status | Lost status | Source of classification or shelving scheme | Not for loan | Collection code | Home library | Current library | Shelving location | Date acquired | Source of acquisition | Inventory number | Total Checkouts | Full call number | Barcode | Date last seen | Date last checked out | Copy number | Date shelved | Koha item type | Public note |
|---|---|---|---|---|---|---|---|---|---|---|---|---|---|---|---|---|---|---|---|
| Library of Congress Classification | Ödünç Verilebilir / Available | Genel Koleksiyon | Merkez Kütüphane | Merkez Kütüphane | Genel Koleksiyon / Main Collection | 30/03/2023 | Bağış / Donation | END/İŞL | 1 | HD58.6 .S54 2018 | 0067248 | 03/11/2025 | 13/10/2025 | 1 | 30/03/2023 | Book | Donated by Ramazan Aktaş |
